000 00490nam a2200193Ia 4500
008 151119s9999||||xx |||||||||||||| ||und||
082 _a891.461
082 _bGKKV5220
100 _aपाडगावकर मंगेश
245 _aगझल
260 _a--
260 _b--
260 _c1981
600 _aपाडगावकर मंगेश
630 _aगझल
700 _aपाडगावकर मंगेश
730 _aगझल
942 _cBOOK
999 _c1060293
_d1060290